| 000 | 00592nam a2200193 4500 | ||
|---|---|---|---|
| 003 | OSt | ||
| 005 | 20240718031923.0 | ||
| 006 | a | ||
| 008 | 240718b |||||||| |||| 00| 0 eng d | ||
| 020 | _a0781748879 | ||
| 040 |
_aDWCL-HMN lib. _cOC |
||
| 082 |
_2Third edition _aCirc. 610.73 Il29 2002 |
||
| 245 | _aIllustrated manual of nursing practice / | ||
| 250 | _aThird edition | ||
| 260 |
_aPhiladelphia: _bLippincott Williams & Wilkins, _cc2002. |
||
| 300 |
_axiii, _b1490 p. : ill. ; _c26 cm. |
||
| 650 | _a1. Nursing handbooks, Manuals . | ||
| 942 |
_2ddc _n0 _cBK-CIRC _eThird edition _kCirc. |
||
| 999 |
_c2356 _d2356 |
||